01829nam a2200361 i 4500003000900000005001700009008004100026017001400067020001500081040004600096041000800142082002800150092000700178099003600185100005300221245010800274264006700382300003100449336002200480337002400502338003300526504010800559546009600667650007500763651001000838856005700848905000700905942001900912999001700931952017300948952017301121952017301294EG-GICUC20260121101538.0251225s2002    ua ||||fr||| 0||| ||ara|d  a200215175  a9770446602  a EG-GICUCbarac EG-GICUCd EG-GICUCerda0 aara04221a345.55bث ر  . ن04221  aLaw1 07	345.55 ث ر  . ن 20020 aثروت عبد العال احمدeمؤلف.12aالنظام القانوني للمخالفات المالية /cثروت عبد العال احمد. 1aالقاهرة : bدار النهضة العربية،c2002.  a197 صفحة ؛ c24 سم.  2rda contentatext  2rda mediaaComputer  2rda carrieraOnline Resource  aيحتوي على ارجاعات ببليوجرافية
يحتوي على قائمة بالمراجع  aالنص أغلبه باللغة العربية مع بعض النصوص الفرنسية14aحماية المال العامxالقانون الاداري2qrmak1 2qrmak40uhttps://fll.law.cu.edu.eg/fulltext/bks/B07-01875.pdf  a75  2ddccBKe21n0  c52518d52518  00102ddc40718القانون الإداريaCUbLAW1d2025-12-25l0oLaw1 07	345.55 ث ر  . ن 2002 0701875	C1pB07-01875r2025-12-25 11:38:09t1w2025-12-25yBK  00102ddc40708القانون الإداريaCUbLAW1d2025-12-25l0oLaw1 07	345.55 ث ر  . ن 2002 0701876	C2pB07-01876r2025-12-25 11:38:31t2w2025-12-25yBK  00102ddc40708القانون الإداريaCUbLAW2d2025-12-29l0oLaw2 07	345.55 ث ر  . ن 2002 0701989 C3pB07-01989r2025-12-29 11:23:00t3w2025-12-29yBK